000
00321nam a22001337a 4500
008
180110b xxu||||| |||| 00| 0 eng d
020
_a
9780781738170
041
_a
eng
080
_a
615.83
100
_a
8
101
_a
EGF
245
_a
Guide to Physical Examination and History Taking
_c
Prabhu, F.R
942
_2
udc
_c
BK
999
_c
39985
_d
39985